La práctica de costos I (Registro nro. 1981)
[ vista simple ]
| 000 -LEADER | |
|---|---|
| fixed length control field | 01450 a2200205 4500 |
| 001 - CONTROL NUMBER | |
| control field | 29945 |
| 005 - DATE AND TIME OF LATEST TRANSACTION | |
| control field | 20260407155610.0 |
| 008 - FIXED-LENGTH DATA ELEMENTS--GENERAL INFORMATION | |
| fixed length control field | 260407a1978 arg spa d |
| 003 - CONTROL NUMBER IDENTIFIER | |
| control field | AR-UNSa-BCEJYS |
| 040 ## - CATALOGING SOURCE | |
| Original cataloging agency | AR-UNSa-BCEJYS |
| Language of cataloging | spa |
| Transcribing agency | AR-UNSa-BCEJYS |
| 080 ## - UNIVERSAL DECIMAL CLASSIFICATION NUMBER | |
| Universal Decimal Classification number | 657.471.61 |
| Common auxiliary subdivision | Costes generales<br/> |
| 100 1# - MAIN ENTRY--PERSONAL NAME | |
| Personal name | Bottaniz, Jose M. |
| 245 10 - TITLE STATEMENT | |
| Title | La práctica de costos I |
| Name of part/section of a work | resuleta con explicación |
| 264 #1 - PRODUCTION, PUBLICATION, DISTRIBUTION, MANUFACTURE, AND COPYRIGHT NOTICE | |
| Place of production, publication, distribution, manufacture | Buenos Aires : |
| Name of producer, publisher, distributor, manufacturer | Tesis |
| Date of production, publication, distribution, manufacture, or copyright notice | 1978 |
| 300 ## - PHYSICAL DESCRIPTION | |
| Extent | 225 p. |
| Dimensions | 20 cm. |
| 520 ## - SUMMARY, ETC. | |
| Summary, etc. | C |
| 505 ## - FORMATTED CONTENTS NOTE | |
| Formatted contents note | 1. Esquema básico del costo, fórmulas e informes - 2. Fórmulas y estados del costo - 3. Cuadro de explotación con inventarios - 4. Hoja de costos y estados de resultados - 5. Clasificación de cuentas - 6. Sistema de control dual - 7. Materiales - 8. Mano de obra - 9. Costos de producción - 10. Método de valuación - 11. Gastos de fabricación - 12. Costo de distribución - 13. Costo por órdenes - 14. Costo por procesos - 15. Costos conjuntos - 16. Sistema convencional de costeo por absorción de gastos fijos - 17. Introducción al costeo directo - 18. Costeo directo - 19. Costeo tradicional y costo directo - 20. Costo variable - 21. Relación costo-precio-utilidad-volumen - 22. Efecto en reduccíon de precios - 23. Los costos y las decisiones - 24. Costos diferenciales - 25. Precio de venta y retorno de la inversión - 26. Aplicación de fórmulas de mayores de inversión |
| 590 ## - LOCAL NOTE (RLIN) | |
| Local note | niveau_biblio:m niveau_hierar:0 |
| 942 ## - ADDED ENTRY ELEMENTS (KOHA) | |
| Koha item type | |
| Withdrawn status | Lost status | Damaged status | Not for loan | Home library | Current library | Shelving location | Date acquired | Total checkouts | Full call number | Barcode | Date last seen | Price effective from | Koha item type |
|---|---|---|---|---|---|---|---|---|---|---|---|---|---|
| Biblioteca Prof. Eusebio Cleto del Rey | Biblioteca Prof. Eusebio Cleto del Rey | 07/04/2026 | 657.471.61 B751 | L45026 | 07/04/2026 | 07/04/2026 | Libro | ||||||
| Biblioteca Prof. Eusebio Cleto del Rey | Biblioteca Prof. Eusebio Cleto del Rey | 07/04/2026 | 657.471.61 B751 | L45025 | 07/04/2026 | 07/04/2026 | Libro |